000
00336pab a2200145 454500
008
180718b2004 xxu||||| |||| 00| 0 eng d
100
_a
Singh, Bhupendra Kumar
245
_a
China's energy security
260
_c
2004
300
_a
p.29-30.
362
_a
3 Apr
650
_a
Energy resources
773
_a
Mainstream
909
_a
60060
999
_c
60060
_d
60060